| 000 | 01042nam a2200229Ia 4500 | ||
|---|---|---|---|
| 001 | 10627 | ||
| 003 | GE_BSU | ||
| 008 | 181216s||||||||xx |||||||||||||| ||und|| | ||
| 020 | _a9789941420870 | ||
| 040 | _cGE_BSU | ||
| 100 | _aშუკშინი,ვასილ | ||
| 245 | _aცოდვის შვილი | ||
| 245 | _bმოთხრობები | ||
| 245 | _cრუს.თარგმნა ანზორ აბჟანდაძემ; საგამომც.ჯგუფი:ნიკოლოზ აფციაური, ლაშა გადელია და სხვ; გარეკ.დიზ:ილია ხელაიასი. | ||
| 260 | _aთბილისი | ||
| 260 | _bინტელექტი | ||
| 260 | _c2011 | ||
| 300 | _a190გვ;16სმ. | ||
| 520 | _a(მცირე პროზა,საგამომც.პროექტის ავტ.კახმეგ კუდავა.) | ||
| 653 | _aცოდვის შვილი:მოთხრობები | ||
| 942 | _cBK | ||
| 999 |
_c43878 _d43878 |
||